| 000 | 00849nam a22002415a 4500 | ||
|---|---|---|---|
| 003 | OSt | ||
| 005 | 20180204120653.0 | ||
| 008 | 180204s1986 ku o grb f000 0 ara d | ||
| 040 |
_aEG-ScBUE _bara _cEG-ScBUE |
||
| 043 | _aa-ku--- | ||
| 082 | 0 | 4 |
_a398.095367 _bك م ا _222 |
| 100 | 1 |
_aكمال، صفوت. _916386 |
|
| 245 | 1 | 0 |
_aمدخل لدراسة الفولكلور الكويتي / _cصفوت كمال. |
| 246 | 3 | 0 | _aفولكلور الكويتي |
| 250 | _aط. 3. | ||
| 260 |
_aالكويت : _bوزارة الإعلام، _c1986. |
||
| 300 |
_a334 ص. : _bصور (لو.) ؛ _c24 سم. |
||
| 504 | _aيشتمل على إرجاعات ببليوجرافية. | ||
| 650 | 7 |
_aالفولكلور _zالكويت. _2BUEsh |
|
| 651 | 7 |
_aالكويت _xحياة وعادات اجتماعية. _2BUEsh |
|
| 653 |
_bGGEN _cFebruary2018 |
||
| 942 | _2ddc | ||
| 999 |
_c26075 _d26047 |
||